| 000 | 00944nam a2200241 a 4500 | ||
|---|---|---|---|
| 001 | 000041217 | ||
| 005 | 20201002034720.0 | ||
| 008 | 130926s2009 uy c 000 0 spa d | ||
| 020 | _a9789974550728 | ||
| 040 |
_aDO-SdBNP _bspa _cBNPHU |
||
| 082 |
_a770 _bD278i |
||
| 245 | 0 | 0 |
_aDe imagen a palabra : _bla iconografía de la biblioteca Nacional como fuente documental. / _ccoordinadores, Carlos Demasi, Alicia Fernández. |
| 260 |
_aMontevideo : _bBiblioteca Nacional, _c2009. |
||
| 300 |
_a88 p. : _bretr. ; _c24 cm. |
||
| 490 | 1 |
_aCuaderno de historia _v1 |
|
| 500 | _aIncluye bibliografía al final de los capítulos | ||
| 500 | _aIncluye referencias bibliográficas y notas al pie de las páginas | ||
| 651 | 4 |
_aUruguay _xHistoria _vFOTOGRAFÍAS _967794 |
|
| 700 | 1 | 2 |
_aDemasi, Carlos _ecoord. _967795 |
| 700 | 1 | 2 |
_aFernández, Alicia _ecoord. _967796 |
| 830 | 0 |
_aCuaderno de historia _v1 _967797 |
|
| 910 | _aValidado. Control de calidad MFF | ||
| 999 |
_c40707 _d40707 |
||